El cantar de los cantares
Gardado en:
| Autor Principal: | |
|---|---|
| Formato: | Libro |
| Idioma: | Lingua castelá |
| Publicado: |
Buenos Aires
Espasa-Calpe
1944
|
| Edición: | 1a. ed |
| Series: | Colección Austral, 464
|
| Subjects: | |
| Tags: |
Engadir etiqueta
Sen Etiquetas, Sexa o primeiro en etiquetar este rexistro!
|
MARC
| LEADER | 00000cam a2200000 a 4500 | ||
|---|---|---|---|
| 001 | UCF1076 | ||
| 003 | CL-VaPUC | ||
| 008 | 120621e19440000AG |||||||||||||||||spa|d | ||
| 082 | 0 | 4 | |a 892.401 |b SAL |2 21 |
| 100 | 0 | |a Salomón |e author |9 369405 | |
| 245 | 1 | 3 | |a El cantar de los cantares |
| 250 | |a 1a. ed | ||
| 300 | |a 154 p | ||
| 942 | |c BK | ||
| 945 | |d 20120621 00:00:00 |a cmena | ||
| 260 | |a Buenos Aires |b Espasa-Calpe |c 1944 | ||
| 500 | |a Versión de Fray Luis de León | ||
| 650 | 7 | |a POESIAS HEBREAS |2 CL-VaPUC |9 266387 | |
| 650 | 7 | |a LITERATURA HEBREA |2 CL-VaPUC |9 318156 | |
| 583 | |a last modification |c 20120621 10:53:00 |k Rodrigo Vera | ||
| 490 | 0 | |a Colección Austral, 464 | |
| 999 | |c 348050 |d 348048 | ||
| 952 | |0 0 |1 0 |4 0 |6 892_401000000000000_SAL_1944 |7 0 |8 A |9 449914 |a BIBART |b BIBART |d 2019-11-22 |i 481150K |o 892.401 SAL 1944 |p 481150K |r 2025-03-13 |w 2019-11-22 |y BK |k ART | ||